LEADER 00915nam a2200241 i 4500 001 000000161212 003 CaOOAMICUS 005 20070509000000.0 008 070509s1981 it u000 u ita u 013 $a138575 040 $aSeMil$bita 100 1 $aMagrassi, Mariano,$d<1930-2004>.$0(OLS)http://semarc/name/10244 245 10$aVivere l'Eucaristia /$cMariano Magrassi. 250 $a6. ed. 260 $aNoci :$bLa Scala,$cstampa 1981. 300 $a111 p. ;$c22 cm. 650 4$aEucaristia.$0(OLS)http://semarc/subject/3487 650 4$aMagrassi, Mariano .$0(OLS)http://semarc/subject/17523 850 $aSeMil 852 $aSeMil$W1$xVenegono$y1$m3K III 157$j112644$B112644$CSeMilBibl$Z2$F124492 $81 961 $aLascito: Chierichetti mons. Giovanni 996 $6245$aVivere l'Eucaristia$9(OLS)http://semarc/title/144205 996 $6260$aNoci :$bLa Scala$9(OLS)http://semarc/publisher/33374 LEADER 01599nam a2200313 i 4500 001 000000193207 003 CaOOAMICUS 005 20101015000000.0 008 101015s2008 it u000 u ita u 013 $a171847 020 $a978-88-7839-113-0 040 $aSeMil$bita 100 1 $aLouay, Shabani.$0(OLS)http://semarc/name/70390 245 10$aSantificazione e valore salvifico del matrimonio :$bstudio esegetico-teologico di 1Cor 7,12-16 ed Ef 5,25-33 /$cShabani Louay. 260 $aRoma :$bPontificia Università Gregoriana,$c2008. 300 $a321 p. ;$c24 cm. 490 0 $aTesi Gregoriana. Serie Teologia ;$v158 500 $aContiene : Bibliografia (pp. [299]-313). 650 4$aBibbia - Tema [del] Matrimonio.$0(OLS)http://semarc/subject/5977 650 4$aBibbia - Matrimoni misti.$0(OLS)http://semarc/subject/27207 650 4$aBibbia - NT - 1 Corinzi 7,12-16.$0(OLS)http://semarc/subject/36334 650 4$aBibbia - NT - Lettera agli Efesini, 5,25-33.$0(OLS)http://semarc/subject/36335 830 0$aTesi Gregoriana. Serie Teologia ;$v158.$0(OLS)http://semarc/title/351 850 $aSeMil 852 $aSeMil$W1$xVenegono$y1$m2M VI 258$j143781$B143781$CSeMilBibl$Z2$F155266 $81 961 $aSottoscrizione: Pontificia Università Gregoriana 996 $6020$a978-88-7839-113-0$9(OLS)http://semarc/number/184589 996 $6245$aSantificazione e valore salvifico del matrimonio :$bstudio esegetico-teologico di 1Cor 7,12-16 ed Ef 5,25-33$9(OLS)http://semarc/title/278533 996 $6260$aRoma :$bPontificia Università Gregoriana$9(OLS)http://semarc/publisher/29750